[Event "Corus"]
[Site "Wijk aan Zee"]
[Date "2006.01.16"]
[Round "3"]
[White "Topalov, Veselin"]
[Black "Bacrot, Etienne"]
[Result "1-0"]
[WhiteElo "2801"]
[BlackElo "2717"]
[Annotator "Huzman,A"]
[PlyCount "89"]
[EventDate "2006.01.14"]
[EventType "tourn"]
[EventRounds "13"]
[EventCountry "NED"]
[EventCategory "19"]
[SourceTitle "CBM 111"]
[Source "ChessBase"]
[SourceDate "2006.04.04"]
[SourceVersion "1"]
[SourceVersionDate "2006.04.04"]
[SourceQuality "1"]

1. e4 e5 2. Nf3 Nf6 3. Nxe5 d6 4. Nf3 Nxe4 5. Nc3 Nxc3 6. dxc3 Be7 7. Bf4 O-O
8. Qd2 Nd7 9. O-O-O Nc5 10. h4 Bf6 (10... Bg4 11. h5 (11. Be2 Re8 12. Nd4 Bxe2
13. Qxe2 Qd7 14. Be3 Ne4 $11 {1-0 Jackova,J-Gara,A/Germany 2003/EXT 2004 (30)})
(11. Re1 Re8 (11... Ne6 12. Ng5 h6 13. Nxe6 Bxe6 14. Bxh6 gxh6 15. Qxh6 Bf6 16.
Bd3 Re8 17. Re3 Be5 18. Rhh3 {1-0 Fontaine,R-Skoberne,J/Portoroz op 2004 (18)})
(11... Bxf3 12. gxf3 Ne6 13. Bg3 Re8 $14 {0-1 Cinar Corlulu,N-Hernandez,Y/
Gothenburg SWE 2005/(42)}) 12. Nd4 Ne6 13. Nxe6 Bxe6 14. Bd3 Qd7 15. f3 a5 16.
Kb1 b5 $132 {0-1 Bologan,V-Motylev,A/chessassistantclub.com INT 2004/(48)})
11... Re8 (11... h6 12. Be2 Bf6 13. Nd4 Ne4 14. Qe3 Bxe2 15. Qxe2 Re8 16. Qf3
Bg5 $11 {1-0 Galego,L-Camejo Almeida,R/Portugal 1993/TD (49)}) (11... Qd7 12.
Re1 Bf6 13. Nd4 Rfe8 14. Rxe8+ Rxe8 15. f3 Qa4 16. Kb1 Bd7 17. b3 Qa5 18. h6
Ne6 19. Be3 g6 $11 {1-0 Manik,M-Novak,P/Litomysl CZE 2005/(43)}) 12. Bc4 c6 13.
Bxd6 Bxd6 14. Qxd6 Qxd6 15. Rxd6 Bxf3 16. gxf3 $16 {1-0 Anand,V-Carlsen,M/Leon
ESP 2005/(30)}) (10... c6 11. Bxd6 (11. Bg5 d5 12. Bxe7 Qxe7 13. Nd4 Ne4 14.
Qe1 Qf6 15. f3 Nd6 16. Qd2 Bd7 17. Qg5 Qxg5+ 18. hxg5 {1/2-1/2 Rozentalis,
E-Arencibia,W/Elista 1998/CBM 66 ext (18)}) 11... Qxd6 12. Qxd6 Bxd6 13. Rxd6
Ne4 14. Rd4 Nxf2 15. Rg1 Ng4 16. Bc4 Bf5 17. Bd3 Bxd3 18. cxd3 Nf6 19. Re1 (19.
Kd2 Rfd8 20. a4 Ne8 21. Re1 Rxd4 22. Nxd4 Kf8 23. a5 Nc7 24. b4 Rd8 $14 {
1/2-1/2 Cheparinov,I-Dominguez,L/Cuernavaca MEX 2006/(54)}) 19... Rfe8 20.
Rxe8+ Rxe8 21. Kd2 Kf8 22. a4 Ke7 $14 {1/2-1/2 Topalov,V-Gelfand,B/Wijk aan
Zee NED 2006/(72)}) (10... b5 11. Bxb5 Rb8 12. Nd4 Bd7 13. Nc6 Bxc6 14. Bxc6
$16 {0-1 Yakivchik-Goreskul/Lvov 1999 (32)}) (10... Re8 11. Kb1 (11. Bc4 Be6
12. Bxe6 Nxe6 13. Be3 Qd7 14. Qd3 Qc6 15. Rde1 Nc5 16. Bxc5 Qxc5 17. Re3 Bf6
$11 {1/2-1/2 Almasi,Z-Fridman,D/Neukoelln GER 2005/(20)}) (11. Be3 Ne4 12. Qe1
Bg4 13. Bd3 Bf6 $15 {0-1 Van Oosterom,C-Skatchkov,P/Groningen NED 2005/(25)})
11... Ne4 12. Qe1 Bf6 13. Be3 c5 14. Bd3 Qa5 15. Bxe4 Rxe4 $11 {0-1 Bologan,
V-Rabiega,R/playchess.com INT 2004/EXT 2005 (28)}) (10... Be6 11. Ng5 Qd7 12.
Be3 b6 13. a3 a5 14. f3 $36 {1-0 Atlas,V-Nemet,I/Schweizer Liga Luzern-Riehen
sp05/12 2005/Inf 005 (30)}) 11. Ng5 h6 (11... Qd7 12. Kb1 h6 13. Bc4 Qf5 14. f3
hxg5 15. hxg5 Be5 16. Bxe5 dxe5 17. Rh4 $40 {0-1 Narings,N-Monteban,M/
Amsterdam NED 2005/(35)}) 12. Bd3 (12. Bc4 $5 Bf5 13. f3 $36) 12... Nxd3+ 13.
Qxd3 (13. cxd3 $5 b5 $5 (13... hxg5 14. hxg5 Be7 15. Qe3 Bf5 16. Rh2 (16. Rde1
Re8 17. Qf3 Bf8 $13) 16... f6 17. g4 $40) 14. Ne4 Re8 (14... Bb7 15. g4 $36)
15. f3 Be6 16. Nxf6+ Qxf6 17. g4 $13) 13... g6 14. Nf3 {White is trying to
take advantage of the opponent's weakened kingside.} (14. Ne4 Bg7 15. h5 g5 16.
Be3 Bf5 17. Bd4 d5 18. Nf6+ Qxf6 19. Bxf6 Bxd3 20. Bxg7 Kxg7 21. Rxd3 c6 $11
22. c4 dxc4 23. Rd7 b5 24. Rhd1 Rfe8 25. R1d6 Re1+ 26. Kd2 Rae8 $132) 14... h5
(14... Bg7 $5 15. Qd2 (15. h5 g5 16. Be3 Qf6 17. Bd4 Qf5 $11) 15... Kh7) 15.
Rde1 Bf5 16. Qd2 Re8 17. Bg5 $14 {White is still threatening with a kingside
offensive - and that allows him to keep a slight advantage.} Bxg5 18. Nxg5 (18.
hxg5 Be4 19. Qf4 Bxf3 20. gxf3 Qd7 $11) 18... Qf6 19. f3 {[%cal Gg2g4]} Re5 $1
{Black's counter play along the "e"- file forces White to swap pieces thus
reducing his own attacking potential.} 20. Rxe5 (20. g4 hxg4 21. fxg4 Bxg4 22.
Ref1 Rf5 23. Qg2 Re8 $17) 20... dxe5 (20... Qxe5 21. Re1 $16) 21. Rd1 Qc6 $11
22. b3 Re8 {[%cal Ye5e4]} 23. Kb2 e4 24. fxe4 Bxe4 25. Qf4 Bf5 26. Rd2 (26. Nf3
Qe4 $11) 26... Qc5 27. Nf3 Bg4 28. a4 Bxf3 $2 {Black swaps one piece too many
and lets White back into the driving seat.} (28... Kg7 $11) 29. Qxf3 $14 c6 30.
Rd7 Re7 31. Qd3 $1 {It's not easy to defend Black's queenside pawns -
especially while in a time-trouble.} Rxd7 $2 (31... a6 32. Rc7 $5 (32. b4 Qe5
$11) 32... Rxc7 33. Qd8+ Kg7 34. Qxc7 b5 35. Qa5 (35. a5 b4 36. cxb4 Qd4+ 37.
Ka2 Qe4 $11) 35... Qa7 36. axb5 cxb5 37. Qd8 $14) 32. Qxd7 Qb6 33. b4 $1 c5 $2
(33... a5 34. Kb3 Kf8 35. Qd4 $36) 34. a5 Qc6 $4 (34... Qf6 35. Qc8+ Kh7 36.
Qxc5 Qxh4 37. Qxa7 Qe4 38. Qa8 Qe7 39. b5 $18) 35. Qxc6 bxc6 36. Kb3 $18 Kf8
37. Kc4 cxb4 38. cxb4 Ke7 39. Kc5 Kd7 40. c4 f6 41. b5 g5 42. b6 axb6+ 43. Kxb6
Kc8 44. Kxc6 gxh4 45. c5 1-0

[Event "North Sea Cup 16th"]
[Site "Esbjerg"]
[Date "2001.07.06"]
[Round "1"]
[White "Van den Doel, Erik"]
[Black "Schandorff, Lars"]
[Result "1/2-1/2"]
[WhiteElo "2607"]
[BlackElo "2551"]
[Annotator "Huzman,A"]
[PlyCount "95"]
[EventDate "2001.07.06"]
[EventType "tourn"]
[EventRounds "9"]
[EventCountry "DEN"]
[EventCategory "14"]
[SourceTitle "CBM 085"]
[Source "ChessBase"]
[SourceDate "2001.11.13"]
[SourceVersion "1"]
[SourceVersionDate "2001.11.13"]
[SourceQuality "1"]

1. e4 e5 2. Nf3 Nf6 3. Nxe5 d6 4. Nf3 Nxe4 5. d4 d5 6. Bd3 Nc6 7. O-O Be7 8. c4
Nb4 9. Be2 O-O 10. a3 Nc6 11. cxd5 Qxd5 12. Nc3 Nxc3 13. bxc3 Bf5 14. c4 (14.
Re1 Qd6 15. a4 Rfe8 16. Qb3 Bf6 (16... b6 17. Bc4 Bg6 18. Ne5 Nxe5 19. dxe5 $36
) 17. Ba3 (17. Qxb7 $5 Rab8 18. Qa6 Rb6 19. Qc4 Na5 20. Qa2 Nb3 (20... Be6 21.
Qc2 Nb3 22. Rb1 $16) 21. Ba3 Qd7 22. Bc4 $1 Reb8 (22... Nxa1 23. Bxf7+ $18) 23.
Bxb3 Rxb3 24. Bb4 $16) 17... Qd7 18. Qxb7 Rab8 19. Qa6 Rb6 20. Qc4 Na5 21. Qa2
Be6 22. c4 (22. Qc2 Nb3 $44) 22... Nb3 23. a5 Rbb8 24. Rad1 Qa4 $36 25. Bd3
Nxa5 26. d5 {1/2-1/2 Sutovsky,E-Schandorff,L/Esbjerg 2001/CBM 85_01 (26)} (26.
d5 Bg4 27. Rb1 Bxf3 28. gxf3 Rxe1+ 29. Rxe1 g6 $15)) 14... Qd6 15. d5 Ne5 (
15... Bf6 16. c5 Qd7 17. dxc6 Qxd1 18. Rxd1 Bxa1 19. cxb7 Rae8 20. Be3 $16) 16.
Nd4 Bd7 17. a4 c6 18. Rb1 (18. Ba3 Qf6 19. Bxe7 Qxe7 $15) 18... cxd5 $6 (18...
b6 19. Qb3 Rad8 20. Rd1 Rfe8 21. Bf4 Bf6 $13) 19. cxd5 Qxd5 $2 (19... Rfd8 20.
Qb3 (20. Nb5 Bxb5 21. Rxb5 b6 $11) 20... Ng4 21. g3 Nf6 22. Bf3 $36) 20. Nf5
Qe6 $6 (20... Nf3+ 21. Bxf3 Qxf5 22. Rxb7 Rfd8 23. g4 Qf6 (23... Qe6 24. Re1
$16) 24. Qe2 Rac8 25. Rxa7 Bc5 26. Ra6 $14) 21. Nxe7+ Qxe7 22. Rxb7 $36 Qe6 (
22... Rfb8 23. Rxb8+ (23. Qd5 Rxb7 24. Qxb7 Qe8 25. a5 Bc6 26. Qc7 Bb5 $11)
23... Rxb8 24. Be3 Bc6 25. Qc2 $14) 23. Rb4 Rfc8 24. Rd4 $14 {White have clear
advantage due to pair of bishops and full control over line "d".} Be8 25. Bf4
Qf6 26. Qd2 Ng6 27. Bf3 Rd8 (27... Bc6 $2 28. Bg5 Qe6 (28... Qe5 29. Bxc6 Rxc6
30. Rd8+ Rxd8 31. Qxd8+ Nf8 32. Be7 $18) 29. Rd6 Qc4 30. Rc1 Qxc1+ 31. Qxc1
Bxf3 32. Qd2 $18) 28. Bd6 $1 Rac8 29. Rd1 $16 Bc6 (29... Nf8 30. Be5 Rxd4 31.
Qxd4 Qg5 32. h4 $16) 30. Bxc6 Rxc6 31. Be5 Rxd4 32. Qxd4 Qe7 33. Bxg7 $18 Qg5 (
33... Re6 34. h3 Re4 35. Qa1 Qg5 36. Bf6 $18) 34. g3 $2 (34. Qd7 $1 Rc1 (34...
Rc2 35. Bd4 Qd2 36. Qd8+ Nf8 37. Be3 Qxd8 38. Rxd8 $18) 35. Bb2 Rxd1+ 36. Qxd1
$18) 34... Nh4 35. Qb2 $1 (35. Qd7 Nf3+ 36. Kg2 Nh4+ 37. Kh1 Qh5 38. g4 Qg6 39.
Qd8+ Kxg7 40. Qxh4 Qe4+ 41. Kg1 Rg6 42. h3 Qxa4 $11) 35... h5 36. Bc3 Nf3+ 37.
Kh1 (37. Kg2 Rc8 38. Rd3 Nh4+ 39. Kh1 Qg4 $132) 37... Rc8 38. Bf6 (38. Rd3 h4 (
38... Qg4 39. Qe2 $16) 39. Qe2 Qc1+ 40. Kg2 Rxc3 41. Rxf3 $16) 38... Qf5 39.
Qb7 $1 (39. Bh8 Ne5 $1 40. f4 Qe4+ 41. Qg2 Qxg2+ 42. Kxg2 Ng4 43. Bd4 Rc2+ 44.
Kf3 Nxh2+ 45. Ke4 Rc4 $14) 39... Re8 40. Ba1 (40. Qc6 $1 Rc8 (40... Rb8 41. Kg2
h4 42. h3 $16) 41. Qd7 $16) 40... Kh7 41. Qb2 (41. Qb5 $1 Ne5 (41... Qxb5 42.
axb5 Re2 43. Kg2 Ng5 44. Rd7 $18) 42. Qb1 $16) 41... Re5 42. Qb1 Re4 43. Bc3 h4
$132 44. Rd8 Re1+ 45. Qxe1 Nxe1 46. Rh8+ Kg6 47. Rg8+ Kh7 48. Rh8+ 1/2-1/2

[Event "Moscow Aeroflot op"]
[Site "Moscow"]
[Date "2002.02.08"]
[Round "6"]
[White "Ehlvest, Jaan"]
[Black "Mamedyarov, Shakhriyar"]
[Result "1/2-1/2"]
[WhiteElo "2589"]
[BlackElo "2522"]
[Annotator "Huzman,A"]
[PlyCount "74"]
[EventDate "2002.02.04"]
[EventType "swiss"]
[EventRounds "9"]
[EventCountry "RUS"]
[SourceTitle "CBM 088"]
[Source "ChessBase"]
[SourceDate "2002.03.21"]
[SourceVersion "1"]
[SourceVersionDate "2002.03.21"]
[SourceQuality "1"]

1. e4 e5 2. Nf3 Nf6 3. Nxe5 d6 4. Nf3 Nxe4 5. d4 d5 6. Bd3 Bd6 7. O-O O-O 8. c4
c6 9. Re1 Bg4 10. Bxe4 dxe4 11. Rxe4 f5 12. Re1 (12. Re3 Bf4 13. Rc3 Bxf3 14.
gxf3 Bxh2+ 15. Kxh2 f4 16. Rb3 Rf5 17. Kg1 Rh5 18. Qc2 Qg5+ 19. Kf1 Rh2 20. Ke2
Qg3 21. Qd1 Qxf2+ 22. Kd3 c5 23. Kc3 Nc6 24. dxc5 Rd8 $40 {0-1 Baroin,B-Simic,
D/ICCF email 1998/E-Mail 2000 (36)}) (12. Re6 Bc7 (12... Na6 13. Nc3 Qd7 14. d5
Nc5 15. Re3 Rad8 16. Qd4 f4 17. Ne5 Qf5 18. Nxg4 fxe3 19. Bxe3 cxd5 20. Qxd5+
Qxd5 21. Nxd5 Nd3 22. Bd4 h5 23. Nge3 Nxf2 24. Bxa7 $11 {1/2-1/2 Todorovic,
G-Ristic,N/YUG t-ch 1999 (36)}) 13. Nbd2 Qxd4 14. Qe2 Qd8 15. b3 Bd6 16. Bb2
Na6 17. Rd1 Nc5 18. h3 Bh5 19. Nb1 Bxf3 20. gxf3 Qg5+ 21. Kh1 Nxe6 22. Qxe6+
Kh8 23. Rg1 Rf6 $1 24. Bxf6 Qxf6 25. Qxf6 gxf6 $11 {1/2-1/2 Read,M-Mohrlok,D/
ENG-FRG corr 1990/CR97-90 (31)}) 12... Bxf3 13. Qxf3 Qh4 14. h3 (14. g3 Qxd4
15. Rd1 (15. Qb3 Qb6 16. Be3 Qxb3 17. axb3 Na6 18. Nc3 Bc5 $11 {0-1 Topalov,
V-Morozevich,A/Monaco MNC 2002/ (42)}) 15... Qxc4 16. Na3 Qe6 17. Nc4 Bc7 18.
b3 Nd7 19. Ba3 Rf7 20. Nd6 Bxd6 21. Rxd6 Qe8 22. h4 Nf6 23. h5 Qe4 $17 {
0-1 Gullaksen,E-Fyllingen,R/NOR-ch 1992/TD (70)}) 14... Qxd4 15. Qb3 Qb6 16.
Qxb6 axb6 17. Nc3 Nd7 (17... Bb4 18. Bd2 Nd7 19. Rad1 Rfe8 20. Rxe8+ Rxe8 21.
Na4 Bxd2 22. Rxd2 Re1+ 23. Kh2 Re7 24. b4 Kf7 25. b5 Ke8 26. bxc6 bxc6 27. Rd6
Re2 28. Rxc6 Rxa2 29. Nxb6 Nxb6 30. Rxb6 Rxf2 $11 {1/2-1/2 Hjartarson,J-Ye,R/
Novi Sad (ol) 1990/Inf 50/[Ye,Rongguang] (36)}) 18. Rd1 Rf6 19. Kf1 (19. Bf4
Bxf4 20. Rxd7 Rf7 21. Rad1 Re8 (21... Be5 22. Rxf7 Kxf7 23. Rd7+ Ke6 24. Rxb7
Kd6 25. Rxb6 Kc5 26. Rb3 Kxc4 27. Rb6 Kc5 28. Rb7 $14) 22. Kf1 Be5 23. Na4 Rxd7
24. Rxd7 Ra8 25. Nxb6 Rxa2 $11) 19... Nc5 $11 20. Be3 Be5 21. Rab1 h6 (21...
Na4 22. Nxa4 Rxa4 23. a3 Rxc4 24. Bxb6 $11) 22. Rd2 (22. Bd4 $11) 22... Bxc3
23. bxc3 Ne4 24. Rd7 c5 (24... f4 $5 25. Bxb6 Rxa2 26. Re1 Nd2+ 27. Kg1 Rg6 28.
Rd1 Nxc4 29. Rxb7 $15) 25. Bf4 $1 (25. Rb2 f4 $17) 25... Rxa2 26. f3 Rf2+ (
26... Nxc3 27. Re1 Rg6 28. g4 fxg4 29. hxg4 Rf6 (29... b5 30. Re8+ Kh7 31. Ree7
Nb1 (31... bxc4 $2 32. Be5 $40) 32. cxb5 b6 33. Ke1 $44) 30. Re8+ Kh7 31. Be5
Rxf3+ 32. Kg1 Ne2+ 33. Kg2 Nd4+ 34. Kg1 $11) 27. Kg1 Rg6 28. fxe4 Rxf4 29. exf5
Rg3 (29... Rxf5 30. Rxb7 Rf3 31. R7xb6 Rxb6 32. Rxb6 Rxc3 33. Rb7 Rxc4 34. Rc7
$15) 30. Rxb6 Rxf5 31. Rd5 $1 $11 Rfg5 32. Rxg5 hxg5 33. Rb3 b6 34. Kf2 Rd3 35.
Rxb6 Rxc3 36. Rg6 Rxc4 37. Rxg5 Rc2+ 1/2-1/2

[Event "EU-chT (Men) 13th"]
[Site "Leon"]
[Date "2001.11.15"]
[Round "9.4"]
[White "Van den Doel, Erik"]
[Black "Greenfeld, Alon"]
[Result "1-0"]
[WhiteElo "2583"]
[BlackElo "2581"]
[Annotator "Huzman,A"]
[PlyCount "81"]
[EventDate "2001.11.06"]
[EventType "team-swiss"]
[EventRounds "9"]
[EventCountry "ESP"]
[SourceTitle "CBM 086"]
[Source "ChessBase"]
[SourceDate "2002.02.05"]
[SourceVersion "1"]
[SourceVersionDate "2002.02.05"]
[SourceQuality "1"]
[WhiteTeam "Netherlands"]
[BlackTeam "Israel"]
[WhiteTeamCountry "NED"]
[BlackTeamCountry "ISR"]

1. e4 e5 2. Nf3 Nf6 3. Nxe5 d6 4. Nf3 Nxe4 5. d4 d5 6. Bd3 Bd6 7. O-O O-O 8. c4
c6 9. Qc2 Na6 10. a3 Re8 11. Nc3 Bg4 12. Nxe4 dxe4 13. Bxe4 Bxf3 14. Bxf3 Qh4
15. g3 Qxd4 16. Bg5 Qe5 17. Qd2 Qf5 18. Bg2 (18. Qxd6 Qxf3 19. Rae1 h6 20. Bc1
(20. Be7 Qb3 21. Qd4 Qb6 22. Qxb6 axb6 23. Re3 Nc5 24. Rd1 $14) 20... Qb3 21.
Rxe8+ Rxe8 {1/2-1/2 Short,N-Piket,J/Zuerich 2001/CBM 83/[Huzman] (21)}) 18...
Be7 (18... Nc5 $142 19. Rad1 (19. Rae1 Bc7 20. b4 Ne6 21. Be3 Rad8 $11) (19.
Qxd6 Qxg5 20. Rfe1 Ne6 $11) 19... Bc7 (19... Ne4 20. Bxe4 Rxe4 21. Qxd6 Qxg5
22. Rfe1 $16) 20. b4 Ne6 $11) 19. Bxe7 Rxe7 20. Rfe1 Qd7 $2 (20... Rd7 $142 21.
Qc3 Rad8 (21... Nc7 22. Re5 Qf6 23. Rae1 $16) 22. Qe3 (22. Re5 Qf6 (22... Rd1+
23. Rxd1 Rxd1+ 24. Bf1 Qd7 25. Qe3 $16) 23. Rae1 Rd1 24. Qe3 Rxe1+ 25. Qxe1 Nc7
$14) 22... Qc5) 21. Qxd7 Rxd7 22. Rad1 $16 Rc7 (22... Rxd1 23. Rxd1 Kf8 24. Rd7
Rb8 25. b4 $18) (22... Rdd8 23. b4 Kf8 24. b5 Rxd1 25. Rxd1 Nc5 26. bxc6 bxc6
27. Bxc6 $16) 23. b4 Kf8 24. Re5 $1 {[%cal Ge5a5]} Re7 (24... Re8 25. Ra5 Re6
26. c5 $16 {[%cal Gg2f1]}) 25. Rxe7 Kxe7 26. b5 Nc5 (26... Nb8 27. Bh3 $1 a6
28. b6 a5 29. Bc8 $18) 27. bxc6 bxc6 28. Bxc6 Rc8 29. Bd5 Rb8 30. Re1+ Kf6 {
This move allows exchange of Rooks,which is in White's favour.} (30... Kf8 $142
31. Re3 Rb2) 31. Re3 $1 {[%cal Ge3f3]} Rb3 32. Rxb3 Nxb3 33. f4 $1 {[%csl Rf6]
[%cal Gf4e5,Gg1e3]} Ke7 34. Kf2 f6 35. Bg8 $1 {This move prepares penetraition
of Kf2.} h6 36. Kf3 {[%cal Gf3e4,Ge4g6]} Kd6 (36... Nd2+ 37. Ke2 Nb1 38. Kd3
Nxa3 39. Kc3 Nb1+ 40. Kc2 Na3+ 41. Kb2 $18) 37. Ke4 Kc5 38. Kf5 Nd2 39. Kg6 a5
40. Bf7 {It was mistake in scoresheet.Right is} Nb1 41. a4 (41. a4 Nc3 42. Be8
Kb4 43. c5 $1 Kxc5 44. Kxg7 Kb4 45. Kxf6 Nxa4 46. f5 $18) 1-0

[Event "Cannes NAO Masters"]
[Site "Cannes"]
[Date "2002.02.25"]
[Round "4"]
[White "Nataf, Igor Alexandre"]
[Black "Topalov, Veselin"]
[Result "1/2-1/2"]
[WhiteElo "2546"]
[BlackElo "2739"]
[Annotator "Huzman,A"]
[PlyCount "65"]
[EventDate "2002.02.22"]
[EventType "tourn"]
[EventRounds "9"]
[EventCountry "FRA"]
[EventCategory "18"]
[SourceTitle "CBM 088"]
[Source "ChessBase"]
[SourceDate "2002.03.21"]
[SourceVersion "1"]
[SourceVersionDate "2002.03.21"]
[SourceQuality "1"]

1. e4 e5 2. Nf3 Nf6 3. Nxe5 d6 4. Nf3 Nxe4 5. d4 d5 6. Bd3 Nc6 7. O-O Be7 8. c4
Nb4 9. Be2 Be6 {This move was mostly made in order to prevent a well-known
theoretical line} (9... O-O 10. a3 Nc6 11. cxd5 Qxd5 12. Nc3 Nxc3 13. bxc3) 10.
c5 a5 (10... Nc6 11. Bb5 Bd7 12. Bxc6 Bxc6 13. Ne5 Bb5 14. Re1 O-O 15. f3 Ng5
16. Nc3 $36 {1-0 Tredinnick,A-Evans,R/ENG-ch corr8990 1989/CR97-89 (38)}) (
10... O-O 11. Qb3 a5 12. a3 Na6 13. Qxb7 Naxc5 14. dxc5 Nxc5 15. Qc6 d4 16. Bf4
Ra7 $13 {1-0 Pane,A-Venni,A/4 CIM 1988 (39)}) 11. Ne5 $1 $146 {[%mdl 44]} (11.
Bf4 O-O 12. Nc3 g5 13. Bd2 Nc6 14. Bc1 f5 15. Ne1 b6 16. cxb6 cxb6 17. Nb5 Bf6
18. Nc2 Rc8 19. Re1 Qd7 {1/2-1/2 Socko,B-Motylev,A/2 IECC, Ohrid 2001 (19)}) (
11. a3 Nc6 12. Bb5 O-O 13. Bxc6 bxc6 14. Ne5 Bf6 15. Bf4 Bd7 16. f3 Ng5 17. Nc3
Rb8 18. Rf2 Ne6 19. Bg3 Re8 20. f4 Bxe5 21. fxe5 Qg5 22. Kh1 Rb7 23. Rd2 {
1/2-1/2 Topalov,V-Ye Rongguang/Antwerp 1997/CBM 61 (23)}) 11... f6 (11... O-O
12. f3 Nf6 13. Nc3 $16) 12. Nd3 O-O (12... Nc6 13. Nf4 Bf7 14. Bg4 $16) 13. Nf4
$1 (13. f3 Ng5 14. f4 Ne4 15. f5 Bf7 16. Nf4 Qd7 17. Nc3 Rfe8 18. Bg4 b6 $132)
13... Bf7 14. Bg4 $1 g6 15. Ne6 Bxe6 16. Bxe6+ Kg7 17. a3 (17. f3 Ra6 $1) 17...
Nc6 18. Nc3 Re8 (18... f5 19. Nxd5 Bg5 20. Bf4 $1 Bxf4 21. Nxf4 Qxd4 22. Qxd4+
Nxd4 23. Rad1 Rad8 24. Bd5 $16) 19. Nxd5 (19. Nxe4 dxe4 20. d5 Bxc5 21. dxc6
Qxd1 22. Rxd1 Rxe6 23. cxb7 Rb8 24. b4 Be7 25. bxa5 Rxb7 26. Be3 $11) 19...
Bxc5 (19... Bf8 20. Bf4 $1 Rxe6 21. Nxc7 Re7 22. Nxa8 Qxa8 23. d5 $16) 20. dxc5
Rxe6 21. Bf4 Ne5 22. Rc1 $16 c6 23. Nb6 Qxd1 24. Rfxd1 Rae8 25. Bxe5 $6 (25. f3
Ng5 26. Bxe5 $1 (26. Bd2 Nexf3+ $1 27. gxf3 Nxf3+ 28. Kf2 Nxh2 29. Kg3 Re2 30.
Nc4 h5 $44 (30... g5 31. Rh1 h5 32. Rxh2 h4+ 33. Kh3 g4+ 34. Kxh4 Rxh2+ 35.
Kxg4 $14)) 26... fxe5 (26... Rxe5 27. f4 Re2 28. fxg5 Rxb2 29. Rd7+ Kg8 30. Nc4
Ra2 31. gxf6 Ree2 32. Ne3 $1 Rxe3 33. f7+ Kf8 34. Rf1 $18) 27. Nc4 e4 (27... a4
28. Nd6 R8e7 (28... Rb8 29. Rc4 $18) 29. Rc4 $18) 28. Nd6 R8e7 29. h4 $16)
25... Rxe5 26. Nc4 (26. f3 Nxc5 27. f4 Rf5 (27... Re2 28. Rxc5 Rxb2 29. Nc4 Ra2
30. Rd2 Re1+ 31. Kf2 Rea1 32. Ke2 a4 33. g4 $16) 28. g4 Rxf4 29. Rxc5 Rxg4+ $44
) 26... Rxc5 27. f3 Ng5 28. h4 (28. Rd7+ Kh6 29. Rxb7 Ne6 $11) 28... Ne6 29.
Rd7+ Kf8 (29... Kh6 30. Rxb7 Nd4 (30... Nf4 31. Rc2 $11) 31. Kf2 $11) 30. b4 (
30. Rxh7 Re7 31. Rxe7 Kxe7 $15) (30. Rxb7 Nf4 31. Kf1 Re2 $11) 30... axb4 31.
axb4 Rd5 32. Rxb7 Nf4 33. Ra1 1/2-1/2

[Event "RUS Cup final 6th"]
[Site "Nefteyugansk"]
[Date "2002.10.09"]
[Round "5"]
[White "Smirnov, Pavel"]
[Black "Skatchkov, Pavel"]
[Result "1-0"]
[WhiteElo "2562"]
[BlackElo "2471"]
[Annotator "Huzman,A"]
[PlyCount "71"]
[EventDate "2002.10.06"]
[EventType "tourn"]
[EventRounds "11"]
[EventCountry "RUS"]
[EventCategory "11"]
[SourceTitle "CBM 092"]
[Source "ChessBase"]
[SourceDate "2003.02.06"]
[SourceVersion "1"]
[SourceVersionDate "2003.02.06"]
[SourceQuality "1"]

1. e4 e5 2. Nf3 Nf6 3. Nxe5 d6 4. Nf3 Nxe4 5. d4 d5 6. Bd3 Bd6 7. O-O O-O 8. c4
c6 9. Qc2 Na6 10. a3 f5 11. Nc3 Nc7 12. Ne2 Ne6 13. b4 Bd7 14. Bb2 a5 (14...
Rf6 15. Rae1 Rh6 16. Bc1 N4g5 17. Ne5 Bxe5 18. dxe5 Nf3+ 19. gxf3 f4 20. Bf5
Nd4 21. Nxd4 Qg5+ 22. Kh1 Rxh2+ 23. Kxh2 Qh4+ 24. Kg1 Qg5+ 25. Bg4 Bxg4 26.
Bxf4 Qxf4 27. Ne2 Qxf3 28. Qc3 $18 {1-0 Chandler,M-Dive,R/Wellington 1988/CBM
07 (36)}) (14... Be8 15. Ne5 Qf6 16. f3 Nxd4 17. Bxd4 Bxe5 18. Bxe5 Qxe5 19.
cxd5 Nd6 20. dxc6 Bxc6 21. Qc5 Rfe8 22. Rfd1 Rad8 23. Qxa7 Bb5 24. f4 Qe7 25.
Qc5 Bxd3 26. Rxd3 Qxe2 27. Rxd6 Rxd6 28. Qxd6 Qe3+ 29. Kf1 Qe2+ 30. Kg1 {
1/2-1/2 Lautier,J-Fressinet,L/Paris FRA 2002/(30)}) 15. Rad1 axb4 16. axb4 Bxb4
17. Qb3 c5 (17... Qe7 18. Ne5 dxc4 $6 19. Bxc4 $44 b5 20. Nxc6 Qd6 21. Bd5 Ra4
$2 22. Nf4 $2 {0-1 Grischuk,A-Morozevich,A/Prague 2002/CBM 89/[Huzman] (48)} (
22. Nxb4 {Huzman} Rxb4 23. Ba3 $1 $18)) 18. Ra1 $1 (18. dxc5 Bxc5 19. cxd5 Ba4
$19) (18. cxd5 Ba4 19. Qc4 b5 $19) 18... Rxa1 19. Rxa1 Bc6 20. cxd5 (20. Ne5
Qd6 $17) 20... Bxd5 21. Bc4 Nc7 $2 (21... Bxc4 $142 22. Qxc4 Re8 $13) 22. dxc5
Bxc5 23. Rd1 Nxf2 (23... Kh8 $142 24. Bxd5 (24. Rxd5 Nxd5 25. Bxd5 Bxf2+ 26.
Kf1 Qe7 $14) 24... Nxf2 25. Ba3 Nxd1+ 26. Bxc5 Re8 27. Bc4 b5 28. Bxb5 Nxb5 29.
Qxb5 Qb8 30. Qd3 Qb2 $14 {+/-}) 24. Rxd5 Nxd5 25. Bxd5+ Kh8 26. Bxg7+ $1 Kxg7
27. Qc3+ Qf6 (27... Rf6 $142 28. Qxc5 Nd3 29. Qd4 Qb6 30. g3 $16 {[%csl Rf5]})
28. Qxc5 Ng4 29. Ned4 $40 Ra8 30. Qc3 Qb6 (30... Kh8 31. Bxb7 Rb8 32. h3 $16)
31. h3 Ra3 (31... Nf6 32. Be6 $18) 32. Bb3 $2 (32. Qc1 $1 Rxf3 (32... h6 33.
hxg4 Rxf3 34. Kh1 Qxd4 35. Qc7+ Kf6 36. Qf7+ Kg5 37. Qh5+ Kf6 38. Qxh6+ Ke5 39.
Qe6+ Kf4 40. Qxf5+ $18) 33. Qg5+ Kf8 34. Qg8+ Ke7 35. Qxh7+ Kf6 36. Qh8+ Kg5
37. hxg4 $18) 32... Ne5 $2 (32... Qc5 $1 33. Qe1 Rxb3 34. Kh1 Rb6 35. hxg4 Rh6+
(35... fxg4 36. Nh4) 36. Kg1 fxg4 37. Qe3 Qd5 38. Ne5 $36) 33. Kh1 (33. Nxe5
Rxb3 34. Qc4 $1 $18 {[%cal Gc4f7]}) 33... Nxf3 34. Nxf3+ Qf6 (34... Kf8 35.
Qh8+ $18) 35. Qc7+ Kh6 (35... Kg6 36. Nh4+ Qxh4 37. Qf7+ Kh6 38. Qf8+ Kg6 39.
Bf7+ Kf6 40. Qd8+ $18) 36. Qc1+ 1-0